000 01554cam a22001934a 4500
999 _c5130
_d5130
020 _a1574101323
050 0 0 _aHD62.5
_b.P565
100 1 _aPinson, Linda.
245 1 0 _aSteps to small business start-up :
_beverything you need to know to turn your idea into a successful business /
_cLinda Pinson, Jerry Jinnett.
250 _a4th ed.
260 _aChicago, Ill. :
_bDearborn,
_cc2000.
300 _aix, 260 p. ;
_c28 cm.
505 _aChapter 1. Getting started -- Chapter 2. Finding a business -- Chapter 3. Determining business feasibility -- Chapter 4. Choosing a business name -- Chapter 5. Choosing a business location -- Chapter 6. Developing a home-based business -- Chapter 7. Choosing a legal structure -- Chapter 8. Presenting your business -- Chapter 9. Protecting your business -- Chapter 10. Securing a business license -- Chapter 11. Registering a fictitious name (Filing a "DBA") -- Chapter 12. Obtaining a seller's permit -- Chapter 13. Setting up a bank account -- Chapter 14. Selecting your insurance -- Chapter 15. Financing your business -- Chapter 16. Keeping your books -- Chapter 17. Success or failure: it depends on your cash flow -- Chapter 18. Developing a marketing plan -- Chapter 19. Promoting your business -- Chapter 20. Business planning: the key to your success -- Appendix A. Resources for small business. Appendix B. Worksheet
650 0 _aNew business enterprises
650 0 _aSmall business
650 0 _aSuccess in business
700 1 _aJinnett, Jerry.
942 _cBK